000 00261nam a2200097Ia 4500
008 230508s2004 xx 000 0 und d
041 _aeng
100 _aMICROSOFT
245 _aNETWORK PULS CERTIFICATION 2NDRD TRAINING KIT
260 _bPRENTICE HALL OF IND
_c2004
999 _c320288
_d320288